Sports Quiz

Random Sports or Rugby Quiz
Score 0/22 Timer 04:00
0 Plays Today
Points Country % Correct
152New Zealand
96%
120Australia
96%
154South Africa
92%
108United States
92%
164Fiji
88%
132England
88%
89Scotland
84%
61France
84%
55Wales
82%
67Canada
82%
64Samoa
78%
Points Country % Correct
80Argentina
76%
21Japan
70%
46Kenya
64%
1Russia
58%
28Portugal
50%
3Brazil
50%
1Zimbabwe
34%
1Hong Kong
34%
1Papua New Guinea
24%
1Belgium
24%
1American Samoa
14%
Remove Ads.
Support Sporcle.
Get the best of Sporcle when you Go Orange. This ad-free experience offers more features, more stats, and more fun while also helping to support Sporcle. Thank you for becoming a member.

You're not logged in!

Compare scores with friends on all Sporcle quizzes.
OR
Log In

Show Comments

Extras

Top Quizzes Today


Score Distribution

Your Account Isn't Verified!

In order to create a playlist on Sporcle, you need to verify the email address you used during registration. Go to your Sporcle Settings to finish the process.

Report this User

Report this user for behavior that violates our Community Guidelines.

Details: